01058nam a22002537a 450000500170000000800410001702000150005804000070007304100120008008200200009210000180011224500970013025000070022726000420023430000300027652003510030665000130065765000240067065000260069465000100072065000280073065000260075870000200078420230712095326.0230712b ||||| |||| 00| 0 eng d a8185604827 cAL aEnglish 223a294.5bILAW aKancha Ilaiah aWhy I Am Not a Hindu: A Sudra Critique of Hindutva Philosophy Culture and Political Economy a2. aCalcuttabMandira Sen for Samyac2005 axii,163 p.bPBc21x14 cm. aIn this manifesto for the downtrodden, the author examines the socio-economic and cultural differences between the Dalitbahujans (the majority, the so-called low castes) and other Hindus in the contexts of childhood, family life, market relations, power relations, Gods and Goddesses, death and, not least, Hindutva (ideology of the Hindu Right). aHinduism aManners and customs aReligion and politics aIndia aPolitics and government aHinduism and politics aILAIAH (Kancha)